交会点のある市町村 - Statistics

General Stats
  • This quiz has been taken 100 times
  • The average score is 14 of 39
Answer Stats
緯度・経度 都道府県名 自治体名 % Correct
40°N, 140°E 秋田県 大潟村
67%
43°N, 141°E 北海道 札幌市
57%
35°N, 135°E 兵庫県 西脇市
56%
39°N, 140°E 山形県 酒田市
53%
44°N, 144°E 北海道 北見市
51%
37°N, 140°E 栃木県 那須塩原市
51%
36°N, 137°E 岐阜県 高山市
51%
35°N, 138°E 静岡県 浜松市
51%
37°N, 138°E 新潟県 糸魚川市
47%
37°N, 137°E 石川県 七尾市
44%
36°N, 136°E 福井県 福井市
40%
45°N, 142°E 北海道 幌延町
39%
44°N, 145°E 北海道 斜里町
39%
40°N, 141°E 岩手県 八幡平市
39%
39°N, 141°E 岩手県 奥州市
39%
35°N, 133°E 広島県 庄原市
39%
37°N, 139°E 新潟県 南魚沼市
38%
43°N, 142°E 北海道 夕張市
36%
35°N, 139°E 静岡県 伊豆市
33%
34°N, 133°E 愛媛県 今治市
32%
34°N, 136°E 三重県 熊野市
32%
43°N, 144°E 北海道 白糠町
31%
43°N, 145°E 北海道 浜中町
31%
34°N, 132°E 山口県 光市
29%
36°N, 140°E 茨城県 つくばみらい市
28%
35°N, 136°E 滋賀県 栗東市
28%
33°N, 131°E 熊本県 阿蘇市
28%
36°N, 139°E 埼玉県 小鹿野町
26%
32°N, 131°E 宮崎県 小林市
26%
44°N, 142°E 北海道 沼田町
22%
43°N, 143°E 北海道 芽室町
22%
35°N, 134°E 岡山県 美咲町
22%
34°N, 134°E 徳島県 東みよし町
22%
33°N, 133°E 高知県 黒潮町
21%
38°N, 140°E 山形県 川西町
19%
44°N, 143°E 北海道 滝上町
17%
36°N, 138°E 長野県 辰野町
17%
35°N, 137°E 愛知県 刈谷市
17%
33°N, 130°E 長崎県 東彼杵町
17%
No matching quizzes found
Score Distribution
Percent of People with Each Score
Percentile by Number Answered
Your Score History
You have not taken this quiz